[Event "Titled Tuesday intern op 15th Feb Early"]
[Site "Chess.com INT"]
[Date "2022.02.15"]
[Round "3"]
[White "Firat, Burak"]
[Black "Idrisov, Ildar F"]
[Result "1-0"]
[WhiteElo "2487"]
[BlackElo "2282"]
[PlyCount "57"]
[EventDate "2022.02.15"]
[EventType "swiss (blitz)"]
[EventRounds "11"]
[EventCountry "USA"]
[SourceTitle "CBM 206 Extra"]
[Source "ChessBase"]
[SourceDate "2022.03.31"]
[SourceVersion "1"]
[SourceVersionDate "2022.03.31"]
[SourceQuality "1"]

1. Nf3 d6 2. c4 f5 3. g3 Nf6 4. d3 e5 5. Bg2 Be7 6. 0-0 0-0 7. Nc3 Nc6 8. Rb1 a5 9. a3 h6 10. b4 axb4 11. axb4 Be6 12. b5 Nb8 13. Nh4 Qc8 14. Ng6 Re8 15. Nxe7+ Rxe7 16. e4 fxe4 17. Nxe4 Nxe4 18. Bxe4 Nd7 19. f4 Nc5 20. f5 Nxe4 21. dxe4 Bxc4 22. Rf2 Qf8 23. Be3 Ra2 24. Rxa2 Bxa2 25. Ra1 Bc4 26. b6 Qf7 27. bxc7 Rxc7 28. Qxd6 Qe7 29. Ra8+ 1-0

[Event "Titled Tuesday intern op 08th Feb Early"]
[Site "Chess.com INT"]
[Date "2022.02.08"]
[Round "5"]
[White "Idrisov, Ildar F"]
[Black "Schut, Han"]
[Result "1-0"]
[WhiteElo "2282"]
[BlackElo "2101"]
[PlyCount "57"]
[EventDate "2022.02.08"]
[EventType "swiss (blitz)"]
[EventRounds "11"]
[EventCountry "USA"]
[SourceTitle "CBM 206 Extra"]
[Source "ChessBase"]
[SourceDate "2022.03.31"]
[SourceVersion "1"]
[SourceVersionDate "2022.03.31"]
[SourceQuality "1"]

1. Nf3 Nf6 2. b3 g6 3. Bb2 Bg7 4. c4 0-0 5. g3 c5 6. Bg2 Nc6 7. 0-0 d5 8. cxd5 Nxd5 9. Bxg7 Kxg7 10. Qc1 e5 11. Qxc5 Be6 12. Nc3 Rc8 13. Nxd5 Nd4 14. Qe7 Nxe2+ 15. Kh1 Qxd5 16. Ng5 Qd7 17. Nxe6+ Qxe6 18. Qxe6 fxe6 19. Bxb7 Rc2 20. d3 Rd8 21. Be4 Nc3 22. Rac1 Rxc1 23. Rxc1 Nxa2 24. Rc7+ Kf6 25. Rxh7 a5 26. Ra7 Nc1 27. Rxa5 Nxb3 28. Ra8 Nc5 29. Rxd8 1-0

[Event "Titled Tuesday intern op 01st Feb-A"]
[Site "Chess.com INT"]
[Date "2022.02.01"]
[Round "1"]
[White "Idrisov, Ildar F"]
[Black "Yeletsky, Ivan"]
[Result "0-1"]
[WhiteElo "2282"]
[BlackElo "2460"]
[PlyCount "52"]
[EventDate "2022.02.01"]
[EventType "swiss (blitz)"]
[EventRounds "11"]
[EventCountry "USA"]
[SourceTitle "CBM 206 Extra"]
[Source "ChessBase"]
[SourceDate "2022.03.31"]
[SourceVersion "1"]
[SourceVersionDate "2022.03.31"]
[SourceQuality "1"]

1. Nf3 d5 2. b3 Bg4 3. Bb2 Bxf3 4. exf3 e6 5. f4 Nf6 6. g3 g6 7. Bg2 Bg7 8. 0-0 0-0 9. d3 Nfd7 10. Bxg7 Kxg7 11. Nd2 a5 12. a3 Qf6 13. Nf3 Qc3 14. Re1 Nc6 15. Ne5 Ndxe5 16. fxe5 Nxe5 17. h4 h5 18. Rb1 c5 19. Qe2 Nc6 20. Rbc1 b5 21. g4 hxg4 22. Qxg4 Rh8 23. Bf3 Qf6 24. Qg3 Rxh4 25. Bg2 Nd4 26. Re3 Nf5 0-1

[Event "Titled Tuesday intern op 11th Jan"]
[Site "Chess.com INT"]
[Date "2022.01.11"]
[Round "1"]
[White "Idrisov, Ildar F"]
[Black "Gareyev, Timur"]
[Result "0-1"]
[WhiteElo "2282"]
[BlackElo "2573"]
[PlyCount "38"]
[EventDate "2022.01.11"]
[EventType "swiss (blitz)"]
[EventRounds "11"]
[EventCountry "USA"]
[SourceTitle "CBM 206 Extra"]
[Source "ChessBase"]
[SourceDate "2022.03.31"]
[SourceVersion "1"]
[SourceVersionDate "2022.03.31"]
[SourceQuality "1"]

1. Nf3 b5 2. b3 Bb7 3. Bb2 e6 4. e3 Nf6 5. Bxb5 g5 6. h3 Rg8 7. d4 h5 8. Nbd2 g4 9. hxg4 hxg4 10. Ne5 a6 11. Be2 g3 12. Bf3 gxf2+ 13. Kxf2 d5 14. Qe2 Nbd7 15. Nxd7 Qxd7 16. Rh3 0-0-0 17. Rah1 Kb8 18. Rh8 Bd6 19. Kf1 Rxh8 0-1

[Event "Titled Tuesday intern op 11th Jan"]
[Site "Chess.com INT"]
[Date "2022.01.11"]
[Round "8"]
[White "Idrisov, Ildar F"]
[Black "Isanzhulov, Arystan"]
[Result "0-1"]
[WhiteElo "2282"]
[BlackElo "2338"]
[PlyCount "56"]
[EventDate "2022.01.11"]
[EventType "swiss (blitz)"]
[EventRounds "11"]
[EventCountry "USA"]
[SourceTitle "CBM 206 Extra"]
[Source "ChessBase"]
[SourceDate "2022.03.31"]
[SourceVersion "1"]
[SourceVersionDate "2022.03.31"]
[SourceQuality "1"]

1. Nf3 Nf6 2. b3 a5 3. a3 a4 4. b4 b6 5. Bb2 Bb7 6. e3 e6 7. d4 c5 8. bxc5 bxc5 9. Bd3 Qb6 10. Bc3 Qc7 11. dxc5 Bxc5 12. 0-0 0-0 13. Bxf6 gxf6 14. Nbd2 Kh8 15. Ne4 Be7 16. Ng3 Rg8 17. Nd4 Ra5 18. Rb1 Rag5 19. Nf3 Rg4 20. h3 R4g7 21. c4 Bxa3 22. Ra1 Bd6 23. Nh4 Bxg3 24. fxg3 Qxg3 25. Qh5 Qxg2+ 26. Nxg2 Rxg2+ 27. Kh1 Rg1+ 28. Kh2 R8g2# 0-1

[Event "Titled Tuesday intern op 11th Jan"]
[Site "Chess.com INT"]
[Date "2022.01.11"]
[Round "2"]
[White "Politov, Pavel Y"]
[Black "Idrisov, Ildar F"]
[Result "0-1"]
[WhiteElo "2190"]
[BlackElo "2282"]
[PlyCount "66"]
[EventDate "2022.01.11"]
[EventType "swiss (blitz)"]
[EventRounds "11"]
[EventCountry "USA"]
[SourceTitle "CBM 206 Extra"]
[Source "ChessBase"]
[SourceDate "2022.03.31"]
[SourceVersion "1"]
[SourceVersionDate "2022.03.31"]
[SourceQuality "1"]

1. e4 c5 2. Nf3 Nc6 3. d4 cxd4 4. Nxd4 Nf6 5. Nc3 g6 6. Nxc6 dxc6 7. Qxd8+ Kxd8 8. Bf4 Be6 9. 0-0-0+ Kc8 10. Be2 Nd7 11. Rd2 Bg7 12. Rhd1 Bxc3 13. bxc3 Nc5 14. f3 b6 15. Be3 Kc7 16. Bxc5 bxc5 17. Kb2 Rab8+ 18. Ka1 Rb6 19. Rb1 h5 20. h4 f6 21. g3 g5 22. f4 Rxb1+ 23. Kxb1 gxf4 24. gxf4 Rg8 25. Bxh5 Rh8 26. Bf3 Rxh4 27. f5 Bc4 28. Rg2 Rf4 29. Rg3 Kd6 30. Kc1 Ke5 31. Kd2 Bxa2 32. Ke3 Rh4 33. Rg8 Bxg8 0-1

[Event "Titled Tuesday intern op 04th Jan"]
[Site "Chess.com INT"]
[Date "2022.01.04"]
[Round "2"]
[White "Bashirli, Saadat"]
[Black "Idrisov, Ildar F"]
[Result "0-1"]
[WhiteElo "1421"]
[BlackElo "2282"]
[PlyCount "82"]
[EventDate "2022.01.04"]
[EventType "swiss (blitz)"]
[EventRounds "11"]
[EventCountry "USA"]
[SourceTitle "EXT 2023"]
[Source "ChessBase"]
[SourceDate "2022.10.05"]
[SourceVersion "1"]
[SourceVersionDate "2022.10.05"]
[SourceQuality "1"]

1. d4 d6 2. e4 Nf6 3. Nc3 g6 4. Be2 Bg7 5. h4 h5 6. Nf3 c6 7. 0-0 b5 8. a3 0-0 9. Bg5 a6 10. e5 Nd5 11. Nxd5 cxd5 12. exd6 Qxd6 13. Qd3 Bf5 14. Qd1 Nc6 15. Qd2 Rac8 16. Bf4 Qd7 17. c3 Na5 18. Qe3 f6 19. Rfe1 Rfe8 20. Nd2 e5 21. dxe5 fxe5 22. Bh6 d4 23. cxd4 exd4 24. Qf4 Be5 25. Qg5 Kh7 26. Nf3 Nb3 27. Rad1 Bh8 28. Qf4 d3 29. Bf1 Rc4 30. Ng5+ Kxh6 31. Nf7+ Kg7 32. Qh6+ Kxf7 33. Qh7+ Bg7 34. Rxe8 Qxe8 35. g3 Rc1 36. Rxc1 Nxc1 37. Bg2 Qe6 38. Kh2 d2 39. Bf3 Ne2 40. Bxe2 Qxe2 41. Kg2 d1Q 0-1

[Event "Titled Tuesday intern op 04th Jan"]
[Site "Chess.com INT"]
[Date "2022.01.04"]
[Round "4"]
[White "Idrisov, Ildar F"]
[Black "Rodchenkov, Sergey D"]
[Result "1/2-1/2"]
[WhiteElo "2282"]
[BlackElo "2346"]
[PlyCount "98"]
[EventDate "2022.01.04"]
[EventType "swiss (blitz)"]
[EventRounds "11"]
[EventCountry "USA"]
[SourceTitle "EXT 2023"]
[Source "ChessBase"]
[SourceDate "2022.10.05"]
[SourceVersion "1"]
[SourceVersionDate "2022.10.05"]
[SourceQuality "1"]

1. Nf3 d5 2. b3 Nf6 3. Bb2 g6 4. g3 Bg7 5. Bg2 0-0 6. 0-0 c5 7. d4 cxd4 8. Nxd4 e5 9. Nb5 a6 10. N5a3 Nc6 11. Nd2 Be6 12. e4 dxe4 13. Nxe4 Nxe4 14. Bxe4 Qe7 15. Nc4 Rad8 16. Qe1 Bh3 17. Ba3 Qe6 18. Bxf8 Bxf1 19. Bxg7 Bxc4 20. Bh6 Bd5 21. Rd1 f5 22. Bxd5 Rxd5 23. c4 Rxd1 24. Qxd1 Kf7 25. h4 Nd4 26. Be3 Nc6 27. Qd2 Kg7 28. Bh6+ Kf7 29. Bg5 Kg7 30. Qd3 Kf7 31. a3 e4 32. Qc3 Qe5 33. Qd2 Qd4 34. Qc2 Ne5 35. Qc1 Qd3 36. Be3 Nf3+ 37. Kh1 Ne5 38. Bf4 Ng4 39. Be3 Qe2 40. Kg1 Qf3 41. Qc2 f4 42. Bxf4 h6 43. Qd2 Ke6 44. Qd6+ Kf5 45. Qf8+ Ke6 46. Qe8+ Kf6 47. Qf8+ Ke6 48. Qe8+ Kf6 49. Qf8+ Ke6 1/2-1/2

[Event "Titled Tuesday intern op 28th Dec"]
[Site "Chess.com INT"]
[Date "2021.12.28"]
[Round "2"]
[White "Idrisov, Ildar F"]
[Black "Bashirli, Saadat"]
[Result "1-0"]
[WhiteElo "2282"]
[BlackElo "1395"]
[PlyCount "97"]
[EventDate "2021.12.28"]
[EventType "swiss (blitz)"]
[EventRounds "11"]
[EventCountry "USA"]
[SourceTitle "CBM 206 Extra"]
[Source "ChessBase"]
[SourceDate "2022.03.31"]
[SourceVersion "1"]
[SourceVersionDate "2022.03.31"]
[SourceQuality "1"]

1. Nf3 d5 2. b3 Nf6 3. Bb2 Nc6 4. e3 Bg4 5. d4 e6 6. Nbd2 Bb4 7. a3 Bxd2+ 8. Qxd2 Ne4 9. Qd1 Qf6 10. Be2 h5 11. h3 Bxf3 12. Bxf3 Qg5 13. 0-0 Ne7 14. c4 Nf5 15. Bxe4 dxe4 16. Kh1 Nh4 17. Rg1 Qf5 18. Qe1 Rh6 19. f3 Nxf3 20. Qg3 Rg6 21. Qxc7 Nxg1 22. Rxg1 Qf2 23. Bc3 Qxe3 24. Bb4 Qg5 25. Qxb7 Rd8 26. Qxe4 Qf6 27. d5 e5 28. Re1 Rg5 29. Bc3 Qf5 30. Bxe5 Qxe4 31. Rxe4 Kd7 32. Bd4 Re8 33. Rxe8 Kxe8 34. Bxa7 Rg3 35. b4 Rxa3 36. Bb6 Rb3 37. Ba5 Kd7 38. c5 Rd3 39. d6 Kc6 40. Kg1 f5 41. Kf2 g5 42. Ke2 Ra3 43. b5+ Kd7 44. Bc7 Ra2+ 45. Kd3 Ra3+ 46. Kd4 Ra1 47. c6+ Kc8 48. b6 Rd1+ 49. Ke5 1-0

[Event "Titled Tuesday intern op 21st Dec"]
[Site "Chess.com INT"]
[Date "2021.12.21"]
[Round "2"]
[White "Bongo Akanga Ndjila, Barthelemy"]
[Black "Idrisov, Ildar F"]
[Result "0-1"]
[WhiteElo "1803"]
[BlackElo "2282"]
[PlyCount "62"]
[EventDate "2021.12.21"]
[EventType "swiss (blitz)"]
[EventRounds "11"]
[EventCountry "USA"]
[SourceTitle "CBM 205 Extra"]
[Source "ChessBase"]
[SourceDate "2022.01.31"]
[SourceVersion "1"]
[SourceVersionDate "2022.01.31"]
[SourceQuality "1"]

1. d4 d6 2. c4 f5 3. Nf3 Nf6 4. Bg5 e6 5. Nbd2 Be7 6. Bxf6 Bxf6 7. e4 fxe4 8. Nxe4 0-0 9. Bd3 Nc6 10. Bc2 e5 11. Nxf6+ Qxf6 12. d5 Nb4 13. Be4 Bf5 14. Qe2 Bxe4 15. Qxe4 Qf4 16. Qxf4 Rxf4 17. 0-0 Rxc4 18. a3 Nxd5 19. Nd2 Rc2 20. Ne4 Nf4 21. b4 b6 22. g3 Ne2+ 23. Kg2 Nd4 24. Rac1 d5 25. Nc3 c6 26. b5 Rxc1 27. Rxc1 Nxb5 28. Nxb5 cxb5 29. Rc7 Rd8 30. Rxa7 d4 31. Kg1 d3 0-1

[Event "Titled Tuesday intern op 21st Dec"]
[Site "Chess.com INT"]
[Date "2021.12.21"]
[Round "7"]
[White "Lauridsen, Jesper Morch"]
[Black "Idrisov, Ildar F"]
[Result "0-1"]
[WhiteElo "2215"]
[BlackElo "2282"]
[PlyCount "94"]
[EventDate "2021.12.21"]
[EventType "swiss (blitz)"]
[EventRounds "11"]
[EventCountry "USA"]
[SourceTitle "CBM 205 Extra"]
[Source "ChessBase"]
[SourceDate "2022.01.31"]
[SourceVersion "1"]
[SourceVersionDate "2022.01.31"]
[SourceQuality "1"]

1. e4 d5 2. d4 dxe4 3. Nc3 Nf6 4. f3 e3 5. Bxe3 g6 6. f4 Bg7 7. Nf3 0-0 8. Bd3 Nd5 9. Nxd5 Qxd5 10. 0-0 Nc6 11. c3 Bf5 12. Bxf5 Qxf5 13. Ne5 Qe4 14. Qf3 Qxf3 15. Rxf3 Nxe5 16. fxe5 f6 17. exf6 exf6 18. Bf4 c6 19. Re1 Rfe8 20. Rfe3 Rxe3 21. Rxe3 Kf7 22. Bd6 Bf8 23. Bxf8 Rxf8 24. g4 Rd8 25. Kf2 Rd5 26. Kf3 h5 27. h3 c5 28. dxc5 Rxc5 29. Re4 h4 30. a4 a5 31. Rd4 Ke6 32. Rd8 b5 33. axb5 Rxb5 34. Rd2 a4 35. Rd4 Rxb2 36. Rxa4 Rh2 37. Ra6+ Kf7 38. Ra7+ Kg8 39. g5 fxg5 40. c4 Rxh3+ 41. Ke4 Rc3 42. Kd4 Rc1 43. c5 h3 44. Ra2 g4 45. Ke4 g3 46. Kf3 g2 47. Kf2 g1Q+ 0-1

[Event "Titled Tuesday intern op 14th Dec"]
[Site "Chess.com INT"]
[Date "2021.12.14"]
[Round "3"]
[White "Ovetchkin, Roman"]
[Black "Idrisov, Ildar F"]
[Result "1-0"]
[WhiteElo "2518"]
[BlackElo "2282"]
[PlyCount "103"]
[EventDate "2021.12.14"]
[EventType "swiss (blitz)"]
[EventRounds "11"]
[EventCountry "USA"]
[SourceTitle "EXT 2023"]
[Source "ChessBase"]
[SourceDate "2022.10.05"]
[SourceVersion "1"]
[SourceVersionDate "2022.10.05"]
[SourceQuality "1"]

1. d4 d6 2. e4 Nf6 3. Nc3 b6 4. Bc4 Bb7 5. Qe2 e6 6. Nf3 Be7 7. Bd3 Nbd7 8. Ba6 Bxa6 9. Qxa6 0-0 10. 0-0 h6 11. Re1 e5 12. d5 Nc5 13. Qe2 a5 14. Nd2 Qd7 15. a4 Qg4 16. Qxg4 Nxg4 17. Nb5 Rac8 18. f3 Nf6 19. Na7 Ra8 20. Nc6 Rfe8 21. Nc4 Nfd7 22. Be3 Na6 23. Na3 Ndb8 24. Nxb8 Raxb8 25. Nb5 Bg5 26. Bf2 Rf8 27. c3 f5 28. exf5 Rxf5 29. Re4 Rf4 30. Rae1 Rbf8 31. Rxf4 Rxf4 32. Re4 Rxe4 33. fxe4 Bc1 34. b3 Bd2 35. Kf1 Bf4 36. g3 Bg5 37. Ke2 Kf7 38. Kd3 Ke8 39. Kc4 Kd7 40. b4 Bd2 41. bxa5 bxa5 42. Kd3 Bc1 43. Na7 Nb8 44. h3 c6 45. Bb6 Ba3 46. Bxa5 Bc5 47. Nxc6 Nxc6 48. dxc6+ Kxc6 49. Bb4 Bf2 50. g4 d5 51. exd5+ Kxd5 52. c4+ 1-0

[Event "Titled Tuesday intern op 30th Nov"]
[Site "Chess.com INT"]
[Date "2021.11.30"]
[Round "3"]
[White "Druska, Juraj"]
[Black "Idrisov, Ildar F"]
[Result "1-0"]
[WhiteElo "2508"]
[BlackElo "2282"]
[PlyCount "89"]
[EventDate "2021.11.30"]
[EventType "swiss (blitz)"]
[EventRounds "11"]
[EventCountry "USA"]
[SourceTitle "CBM 205 Extra"]
[Source "ChessBase"]
[SourceDate "2022.01.31"]
[SourceVersion "1"]
[SourceVersionDate "2022.01.31"]
[SourceQuality "1"]

1. d4 f5 2. Nc3 Nf6 3. Bg5 e6 4. e4 fxe4 5. Nxe4 Be7 6. Bxf6 Bxf6 7. Nf3 0-0 8. Bd3 d6 9. Qd2 Nc6 10. Nxf6+ Qxf6 11. 0-0-0 e5 12. dxe5 Nxe5 13. Nxe5 Qxe5 14. Rhe1 Qf6 15. Re2 Bd7 16. Be4 Bc6 17. Bxc6 bxc6 18. Rde1 h6 19. f3 Rab8 20. c3 Rb5 21. Re6 Qf5 22. Re8 Rd5 23. Rxf8+ Kxf8 24. Qe3 Re5 25. Qd2 Rxe1+ 26. Qxe1 Qf4+ 27. Qd2 Qxh2 28. a4 Qe5 29. Qf2 a5 30. Kc2 c5 31. Qf1 Qf5+ 32. Kb3 Qd5+ 33. Qc4 Qb7+ 34. Qb5 Qd5+ 35. Qc4 Qb7+ 36. Qb5 Qd5+ 37. Ka3 Qd2 38. Qxa5 Qxg2 39. Qxc7 Qxf3 40. Qxd6+ Kf7 41. a5 h5 42. a6 h4 43. a7 h3 44. Qd7+ Kg6 45. Qe8+ 1-0

[Event "Titled Tuesday intern op 28th Sept"]
[Site "Chess.com INT"]
[Date "2021.09.28"]
[Round "1"]
[White "Gaehwiler, Gabriel"]
[Black "Idrisov, Ildar F"]
[Result "0-1"]
[WhiteElo "2402"]
[BlackElo "2282"]
[PlyCount "68"]
[EventDate "2021.09.28"]
[EventType "swiss (blitz)"]
[EventRounds "11"]
[EventCountry "USA"]
[SourceTitle "CBM 204 Extra"]
[Source "ChessBase"]
[SourceDate "2021.11.30"]
[SourceVersion "1"]
[SourceVersionDate "2021.11.30"]
[SourceQuality "1"]

1. d4 d5 2. c4 e6 3. Nf3 Nf6 4. Nbd2 Bd6 5. g3 b6 6. Bg2 Bb7 7. 0-0 0-0 8. b3 Nbd7 9. Bb2 Ne4 10. Qc2 f5 11. Rac1 Rc8 12. Qb1 Qe7 13. Rfd1 Ba3 14. Qa1 Bxb2 15. Qxb2 Rfd8 16. Ne1 Nxd2 17. Rxd2 Nf6 18. Nd3 Ne4 19. Rdd1 Qf6 20. e3 c6 21. c5 b5 22. Ne5 Ng5 23. f3 Nf7 24. Qc3 Nxe5 25. dxe5 Qe7 26. Qa5 a6 27. Qc3 Qc7 28. Qd4 a5 29. e4 dxe4 30. fxe4 Rxd4 31. Rxd4 Qxe5 32. Rd7 Rc7 33. Rd8+ Kf7 34. exf5 Qe3+ 0-1

[Event "Titled Tuesday intern op 07th Sept"]
[Site "Chess.com INT"]
[Date "2021.09.07"]
[Round "9"]
[White "Goncharov, Vladimir"]
[Black "Idrisov, Ildar F"]
[Result "1-0"]
[WhiteElo "2077"]
[BlackElo "2282"]
[PlyCount "61"]
[EventDate "2021.09.07"]
[EventType "swiss (blitz)"]
[EventRounds "11"]
[EventCountry "USA"]
[SourceTitle "EXT 2022"]
[Source "ChessBase"]
[SourceDate "2021.10.06"]
[SourceVersion "1"]
[SourceVersionDate "2021.10.06"]
[SourceQuality "1"]

1. e4 d5 2. exd5 Qxd5 3. Nc3 Qd6 4. d4 c6 5. Nf3 Nf6 6. g3 g6 7. Bg2 Bg7 8. 0-0 0-0 9. Bf4 Qb4 10. Rb1 Bf5 11. a3 Qa5 12. Re1 Nbd7 13. Rxe7 Rfe8 14. Rxe8+ Rxe8 15. h3 Nd5 16. Nxd5 cxd5 17. g4 Be4 18. Ne1 Nf6 19. Be3 Bxg2 20. Kxg2 h5 21. c3 hxg4 22. hxg4 Qb5 23. Qf3 Qd7 24. g5 Ne4 25. Nd3 b6 26. Rh1 f6 27. gxf6 Bxf6 28. Qh3 Qxh3+ 29. Rxh3 Kg7 30. Nf4 Rd8 31. Ne6+ 1-0

[Event "Titled Tuesday intern op 07th Sept"]
[Site "Chess.com INT"]
[Date "2021.09.07"]
[Round "3"]
[White "Guz, Ari"]
[Black "Idrisov, Ildar F"]
[Result "1-0"]
[WhiteElo "2314"]
[BlackElo "2282"]
[PlyCount "79"]
[EventDate "2021.09.07"]
[EventType "swiss (blitz)"]
[EventRounds "11"]
[EventCountry "USA"]
[SourceTitle "EXT 2022"]
[Source "ChessBase"]
[SourceDate "2021.10.06"]
[SourceVersion "1"]
[SourceVersionDate "2021.10.06"]
[SourceQuality "1"]

1. e4 d5 2. exd5 Qxd5 3. Nc3 Qd6 4. Nf3 c6 5. Bc4 Nf6 6. d3 Bg4 7. h3 Bh5 8. Be3 e6 9. g4 Bg6 10. Qd2 Nbd7 11. 0-0-0 0-0-0 12. Bxa7 h5 13. g5 Nd5 14. Ne4 Qf4 15. Qxf4 Nxf4 16. Be3 Nd5 17. Bd2 b5 18. Bb3 Nc5 19. Nxc5 Bxc5 20. d4 Bd6 21. Ne5 Bxe5 22. dxe5 Kb7 23. h4 Ra8 24. Rh3 Ra6 25. c4 Nb6 26. cxb5 cxb5 27. Bb4 Rc8+ 28. Rc3 Raa8 29. Bc5 Rc6 30. Bxb6 Kxb6 31. Rxc6+ Kxc6 32. Rd6+ Kc5 33. a3 Ra7 34. Kd2 Be4 35. Kc3 Rb7 36. Bxe6 b4+ 37. axb4+ Rxb4 38. Bxf7 Bf5 39. Rc6+ Kb5 40. Rb6+ 1-0

[Event "Titled Tuesday intern op 07th Sept"]
[Site "Chess.com INT"]
[Date "2021.09.07"]
[Round "11"]
[White "Maiorov, Nikita"]
[Black "Idrisov, Ildar F"]
[Result "1-0"]
[WhiteElo "2446"]
[BlackElo "2282"]
[PlyCount "71"]
[EventDate "2021.09.07"]
[EventType "swiss (blitz)"]
[EventRounds "11"]
[EventCountry "USA"]
[SourceTitle "EXT 2022"]
[Source "ChessBase"]
[SourceDate "2021.10.06"]
[SourceVersion "1"]
[SourceVersionDate "2021.10.06"]
[SourceQuality "1"]

1. d4 d6 2. g3 f5 3. Bg2 Nf6 4. Nf3 e6 5. c4 Be7 6. 0-0 0-0 7. Nc3 Ne4 8. Qc2 Nxc3 9. bxc3 Bf6 10. e4 fxe4 11. Qxe4 Nc6 12. h4 e5 13. Ng5 g6 14. Qd5+ Kg7 15. Ne4 exd4 16. Nxf6 Qxf6 17. Bg5 Qe5 18. Rfe1 Qf5 19. Qxf5 Bxf5 20. cxd4 Nxd4 21. Re7+ Rf7 22. Rxf7+ Kxf7 23. Bxb7 Re8 24. Rd1 Ne2+ 25. Kg2 Be4+ 26. Bxe4 Rxe4 27. Kf3 Re5 28. Be3 Nc3 29. Rd3 Ne4 30. Ra3 Ke7 31. Rxa7 Kd8 32. Ra8+ Kd7 33. a4 Nc3 34. a5 Re4 35. a6 Rxc4 36. a7 1-0

[Event "Titled Tuesday intern op 31st Aug"]
[Site "Chess.com INT"]
[Date "2021.08.31"]
[Round "6"]
[White "Doluweera, Minul Sanjula"]
[Black "Idrisov, Ildar F"]
[Result "0-1"]
[WhiteElo "2129"]
[BlackElo "2282"]
[PlyCount "86"]
[EventDate "2021.08.31"]
[EventType "swiss (blitz)"]
[EventRounds "11"]
[EventCountry "USA"]
[SourceTitle "EXT 2022"]
[Source "ChessBase"]
[SourceDate "2021.10.06"]
[SourceVersion "1"]
[SourceVersionDate "2021.10.06"]
[SourceQuality "1"]

1. d4 e6 2. c4 Nf6 3. Nf3 b6 4. a3 Bb7 5. Nc3 d5 6. cxd5 exd5 7. g3 Nbd7 8. Bg2 Bd6 9. 0-0 h6 10. b4 a6 11. Bb2 0-0 12. Nh4 g6 13. Qd2 Kg7 14. Rfd1 Qe7 15. Rac1 Rae8 16. e3 Kh7 17. Qc2 Ne4 18. Nf3 f5 19. Ne2 g5 20. Ne5 Qe6 21. f4 Ndf6 22. Bh3 Rg8 23. a4 Rg7 24. b5 a5 25. Qb3 Reg8 26. Ba3 Nd7 27. Rc2 Bxa3 28. Qxa3 Nxe5 29. dxe5 gxf4 30. exf4 h5 31. Nd4 Qf7 32. Bxf5+ Kh8 33. e6 Qf6 34. Rdc1 Nxg3 35. Kf2 Nxf5 36. Nxf5 Qxf5 37. Qf3 Rg4 38. Qc3+ Kh7 39. Qxc7+ R8g7 40. e7 Rxf4+ 41. Ke2 Rg2+ 42. Kd1 Qd3+ 43. Ke1 Rf1# 0-1

[Event "Titled Tuesday intern op 24th Aug"]
[Site "Chess.com INT"]
[Date "2021.08.24"]
[Round "10"]
[White "Aggelis, Nikolaos"]
[Black "Idrisov, Ildar F"]
[Result "1-0"]
[WhiteElo "2284"]
[BlackElo "2282"]
[PlyCount "133"]
[EventDate "2021.08.24"]
[EventType "swiss (blitz)"]
[EventRounds "11"]
[EventCountry "USA"]
[SourceTitle "EXT 2022"]
[Source "ChessBase"]
[SourceDate "2021.10.06"]
[SourceVersion "1"]
[SourceVersionDate "2021.10.06"]
[SourceQuality "1"]

1. d4 d6 2. g3 f5 3. Bg2 Nf6 4. c3 e6 5. Nd2 Be7 6. e4 0-0 7. exf5 exf5 8. Qb3+ Kh8 9. Nh3 Ng4 10. 0-0 Nc6 11. Nf4 Bg5 12. Ne6 Bxe6 13. Qxe6 Qe8 14. Qb3 Rb8 15. Nf3 Bxc1 16. Raxc1 f4 17. Rce1 Qh5 18. h3 Nf6 19. g4 Qg6 20. Nh4 Qd3 21. Rd1 Qa6 22. Rfe1 Qb6 23. Qxb6 axb6 24. Bxc6 bxc6 25. Re7 Nd5 26. Re4 Rbe8 27. Rde1 Rxe4 28. Rxe4 Kg8 29. c4 Nb4 30. Re7 Rf7 31. Re8+ Rf8 32. Re2 Nxa2 33. Nf5 c5 34. dxc5 bxc5 35. Re7 g6 36. Nh6+ Kh8 37. Rxc7 Nc1 38. Nf7+ Kg8 39. Nxd6 Nd3 40. g5 Nxb2 41. Ne4 Rf5 42. h4 Nxc4 43. Nxc5 Ne5 44. Ne4 Nf3+ 45. Kf1 Nxh4 46. Nf6+ Kf8 47. Nxh7+ Ke8 48. Ke2 f3+ 49. Ke3 Ng2+ 50. Ke4 Ra5 51. Nf6+ Kd8 52. Rf7 Nh4 53. Nd5 Ra4+ 54. Ke5 Ra2 55. Ke6 Re2+ 56. Kd6 Nf5+ 57. Kc6 Nd4+ 58. Kc5 Ne6+ 59. Kd6 Nxg5 60. Rf8+ Re8 61. Rf4 Ne4+ 62. Kc6 Nxf2 63. Rxf3 Ne4 64. Rd3 g5 65. Nf6+ Ke7 66. Nxe8 Kxe8 67. Re3 1-0

[Event "Titled Tuesday intern op 24th Aug"]
[Site "Chess.com INT"]
[Date "2021.08.24"]
[Round "4"]
[White "Idrisov, Ildar F"]
[Black "Priyanka, K."]
[Result "1-0"]
[WhiteElo "2282"]
[BlackElo "2218"]
[PlyCount "93"]
[EventDate "2021.08.24"]
[EventType "swiss (blitz)"]
[EventRounds "11"]
[EventCountry "USA"]
[SourceTitle "EXT 2022"]
[Source "ChessBase"]
[SourceDate "2021.10.06"]
[SourceVersion "1"]
[SourceVersionDate "2021.10.06"]
[SourceQuality "1"]

1. Nf3 Nf6 2. b3 g6 3. Bb2 Bg7 4. c4 d6 5. d4 0-0 6. g3 e5 7. dxe5 Ng4 8. Bg2 dxe5 9. Qxd8 Rxd8 10. h3 e4 11. Bxg7 exf3 12. Bxf3 Nxf2 13. Bf6 Nxh1 14. Bxd8 Nxg3 15. Bxc7 Nf5 16. Nc3 Na6 17. Bf4 Nd4 18. Be4 Bxh3 19. Rd1 Nc6 20. Bd6 Re8 21. Kf2 h5 22. Nd5 Kg7 23. Bf3 Ne5 24. Nf4 Nxf3 25. exf3 Bf5 26. Rd5 Nb8 27. Nxh5+ gxh5 28. Rxf5 Kg6 29. Rb5 b6 30. c5 Nd7 31. c6 Nf6 32. Bh2 Rc8 33. c7 Ne8 34. Rb4 Kf6 35. Rd4 Ke7 36. Rd5 h4 37. Rh5 Nxc7 38. Rxh4 Ne6 39. Rc4 Rxc4 40. bxc4 Kd7 41. Ke3 Kc6 42. Kd3 Kc5 43. a3 Ng5 44. Bg1+ Kc6 45. f4 Ne6 46. Ke4 Nc5+ 47. Kf5 1-0

[Event "Titled Tuesday intern op 24th Aug"]
[Site "Chess.com INT"]
[Date "2021.08.24"]
[Round "11"]
[White "Idrisov, Ildar F"]
[Black "Wiwatanadate, Poompong"]
[Result "1-0"]
[WhiteElo "2282"]
[BlackElo "2005"]
[PlyCount "63"]
[EventDate "2021.08.24"]
[EventType "swiss (blitz)"]
[EventRounds "11"]
[EventCountry "USA"]
[SourceTitle "EXT 2022"]
[Source "ChessBase"]
[SourceDate "2021.10.06"]
[SourceVersion "1"]
[SourceVersionDate "2021.10.06"]
[SourceQuality "1"]

1. Nf3 c5 2. b3 Nc6 3. Bb2 d6 4. d4 cxd4 5. Nxd4 Nf6 6. g3 e6 7. Bg2 Bd7 8. c4 Be7 9. 0-0 0-0 10. Nc3 Nxd4 11. Qxd4 Bc6 12. e4 Nd7 13. Rfd1 Qc7 14. Rac1 e5 15. Nd5 Bxd5 16. Qxd5 Nc5 17. f4 exf4 18. gxf4 Qc6 19. Qd4 Bf6 20. e5 dxe5 21. fxe5 Rad8 22. exf6 Rxd4 23. Bxc6 Rxd1+ 24. Rxd1 bxc6 25. Ba3 gxf6 26. Bxc5 Re8 27. Kf2 Re5 28. Rg1+ Kh8 29. Bd4 Rf5+ 30. Ke2 c5 31. Bc3 h5 32. Rf1 1-0